| 000 | 01182cam a22002891 4500 | ||
|---|---|---|---|
| 001 | gs 27000044 | ||
| 003 | DLC | ||
| 005 | 20260227111331.0 | ||
| 008 | 791013s1925 tnuab s000 0 eng c | ||
| 010 | _ags 27000044 | ||
| 035 | _a(OCoLC)5522384 | ||
| 040 |
_aU.S. Geol. Survey Library. _cViHarT _dDLC |
||
| 042 | _apremarc | ||
| 050 | 0 | 0 |
_aQE165 _b.A2 no. 33-D |
| 100 | 1 |
_aButts, Charles, _d1863-1946. |
|
| 245 | 1 | 0 |
_aGeology and mineral resources of the Crossville quadrangle, Tennessee, _cby Charles Butts and Wilbur A. Nelson. Surveyed in cooperation with the United States Geological Survey. |
| 260 |
_aNashville, Tenn., _c1925. |
||
| 300 |
_avi, 41 p. _bXII pl. (incl. fold. maps) tables, diagr. _c23 cm. |
||
| 490 | 0 | _aTennessee. Dept. of Education. Division of Geology. Bulletin 33-D | |
| 500 | _aBound together with Bulletins 33-A and 33-C | ||
| 500 | _aPlate I folded inside front cover. | ||
| 504 | _aBibliographical references. | ||
| 650 | 0 |
_aGeology _zTennessee |
|
| 650 | 0 |
_aMines and mineral resources _zTennessee |
|
| 700 | 1 |
_aNelson, Wilbur Armistead, _d1889- , _ejoint author. |
|
| 740 | 0 | _aCrossville quadrangle, Geology and mineral resources of the. | |
| 999 |
_c26535 _d26535 |
||